| 000 | 00344 a2200145 4500 | ||
|---|---|---|---|
| 999 |
_c321149 _d321149 |
||
| 001 | 86076 | ||
| 003 | NUST | ||
| 005 | 20180120160639.0 | ||
| 008 | 180120b xxu||||| |||| 00| 0 eng d | ||
| 020 | _a9788131709405 | ||
| 082 | _a170.44 COV | ||
| 100 |
_aStephen R. Covey _99233 |
||
| 245 | _aEveryday Greatness | ||
| 260 |
_aIndia _bPearson Education _c2007 |
||
| 300 | _axvii 446p. | ||
| 500 | _aPAF Book Club | ||
| 942 |
_acaenust _cBK _k170.44 COV _2ddc |
||